[Event "North American-ch U08"]
[Site "Montreal"]
[Date "2010.08.19"]
[Round "7"]
[White "Berube, Leandre"]
[Black "Zhurbinsky, David J"]
[Result "0-1"]
[WhiteElo "677"]
[BlackElo "905"]
[PlyCount "104"]
[EventDate "2010.08.16"]
[EventType "swiss"]
[EventRounds "7"]
[EventCountry "CAN"]
[SourceTitle "EXT 2013"]
[Source "ChessBase"]
[SourceDate "2012.11.22"]
[SourceVersion "1"]
[SourceVersionDate "2012.11.22"]
[SourceQuality "1"]

1. e4 e5 2. Bc4 Nc6 3. Qh5 g6 4. Qf3 Qf6 5. Qb3 Nd4 6. Qd3 Bg7 7. c3 b5 8. Bd5 c6 9. cxd4 cxd5 10. exd5 exd4 11. b3 Qe5+ 12. Ne2 Qxd5 13. Nf4 Qg5 14. g3 Bb7 15. 0-0 Ne7 16. h4 Qg4 17. Ba3 Be5 18. f3 Qxg3+ 19. Kh1 Bxf4 20. Qe2 Qxh4+ 21. Kg1 d3 22. Qxe7+ Qxe7 23. Bxe7 Kxe7 24. Re1+ Kf6 25. Rc1 Be5 26. Nc3 b4 27. Ne4+ Bxe4 28. fxe4 Bxa1 29. Rf1+ Ke5 30. Rxa1 Kxe4 31. Re1+ Kd4 32. Rc1 h5 33. Rc4+ Kd5 34. Rxb4 Rab8 35. Rc4 Rhc8 36. Rxc8 Rxc8 37. b4 Rc2 38. a4 Rxd2 39. b5 Rb2 40. Kf1 d2 41. Ke2 Kc4 42. Kd1 Kc3 43. b6 axb6 44. a5 bxa5 45. Ke2 Kc2 46. Kf3 d1Q+ 47. Ke4 Rb5 48. Ke3 Qd3+ 49. Kf4 Qd4+ 50. Kf3 Rb3+ 51. Ke2 Qd2+ 52. Kf1 Rb1# 0-1